000 00634nam a2200277Ia 4500
005 20260324125042.0
008 008 260324s9999 xx 000 0 eng d
020 _a9780203551202
037 _aEBOOK
040 _aCRL
040 _beng
040 _cCRL
041 _2eng
041 _aeng
084 _qCRL
100 _aPeter Jarvis
_9999276
245 0 _aLearning to be a Person in Society
260 _bTaylor and Francis
260 _c2009
365 _a
365 _b205
856 _uhttp://www.taylorfrancis.com/books/9780203551202
942 _cEBOOK
999 _c1771434
_d1771434